书目信息 |
| 题名: |
最大值和最小值
|
|
| 作者: | 谷超豪 编 | |
| 分册: | ||
| 出版信息: | 上海 上海教育出版社 1965 |
|
| 页数: | 38页 | |
| 开本: | 19cm | |
| 丛书名: | ||
| 单 册: | ||
| 中图分类: | O172.1 | |
| 科图分类: | ||
| 主题词: | 数学--中学--课外读物 , 数学分析 | |
| 电子资源: | ||
| ISBN: | ||
| 000 | 00670nam0 2200253 45 | |
| 001 | 0180007062 | |
| 005 | 20060512095804.76 | |
| 010 | @dCNY0.25 | |
| 091 | @a13182.37 | |
| 100 | @a19960215d1965 demy0chiy0121 ea | |
| 101 | 0 | @achi |
| 102 | @aCN@b310000 | |
| 102 | @aCN@b310000 | |
| 105 | @ay z 000yy | |
| 200 | 10 | @a最大值和最小值@Azui da zhi he zui xiao zhi@f谷超豪编@Fgu chao hao bian |
| 210 | @a上海@c上海教育出版社@d1965 | |
| 215 | @a38页@d19cm | |
| 300 | @a中学生课外读物 | |
| 606 | @a数学@x中学@x课外读物 | |
| 606 | 0 | @a数学分析 |
| 690 | @aO172.1@v3 | |
| 701 | 0 | @a谷超豪@Agu chao hao@4编 |
| 801 | 0 | @aCN@bTSSF@c20060512 |
| 905 | @a10447@dO172.1@e10 | |
| 最大值和最小值/谷超豪编.-上海:上海教育出版社,1965 |
| 38页;19cm |
| 中学生课外读物 |
| ISBN :CNY0.25 |
| ● |
| 相关链接 |
|
|
|
|
正题名:最大值和最小值
索取号:O172.1/10
 
预约/预借
| 序号 | 登录号 | 条形码 | 馆藏地/架位号 | 状态 | 备注 |
| 1 | 0007853 | 202346292 | 密集书库/ [索取号:O172.1/10] | 在馆 |